00908nam a22002297a 450000100060000000300080000600500170001400800410003103500190007204000350009104100080012608200250013410000260015924501930018526000680037830000360044650200760048250400340055865000110059270000400060370000350064380761BD-RjUL20230410135445.0221113s2007 bg a|||| m||| 00| 0 eng d a(BD-RjUL)80761 aBD-RjULbengcBD-RjULdBD-RjUL aeng 223a635.26bROM 2007 aRoksana, Mst. Rubayat10aMicropropagation and improvement of garlic (Allium sativum L.) through in vitro techniques / cBy Mst. Rubayat Roksana ;6Supervisor : A. K. M. Rafiul Islam & Co-Supervisor : M. Firoz Alam aRajshahi :bDepartment of Botany, University of Rajshahi,c2007 av, 124 leaves :bill, ;c29.cm. aThesis (M. Phil.) -- Department of Botany, University of Rajshahi, 2007 aReferences : Leaves 108 - 122 aGarlic aIslam, A. K. M. Rafiul, Supervisor  aAlam, M. Firoz, Co-Supervisor